| 000 | 00428 a2200169 4500 | ||
|---|---|---|---|
| 001 | 068835 | ||
| 003 | OSt | ||
| 005 | 20220326110959.0 | ||
| 008 | |||
| 082 |
_a809.2 _bM72M |
||
| 100 | 1 | _aBrandt, George W. | |
| 245 | 1 |
_aModern theories of drama _cby George W. Brandt |
|
| 260 |
_aNew Delhi _bOxfrod University Press _c1998 |
||
| 300 | _a334p. | ||
| 653 | _aTheater; Drama | ||
| 942 |
_2ddc _cBK |
||
| 999 |
_c2483 _d2483 |
||